Countries Closest to Tunisia - 15 Second Sprint - Statistics

General Stats
  • This quiz has been taken 87 times
  • The average score is 5 of 20
Answer Stats
km country miles % Correct
0 Algeria 0
85%
0 Libya 0
73%
71 Italy 44
61%
288 Malta 179
55%
807 Morocco 501
53%
498 Spain 310
40%
450 France 280
34%
786 Niger 488
16%
554 Vatican City 345
16%
787 Greece 489
10%
700 Monaco 435
8%
702 San Marino 436
8%
871 Croatia 541
5%
957 Slovenia 595
5%
856 Andorra 532
3%
805 Albania 500
2%
870 Bosnia and Herzegovina 541
0%
874 Montenegro 543
0%
937 North Macedonia 582
0%
921 Switzerland 572
0%
No matching quizzes found
Score Distribution
Percent of People with Each Score
Percentile by Number Answered
Your Score History
You have not taken this quiz